000 00919nam a22002174a 4500
005 20081128140742.0
010 _aENG-99299
020 _c50.00
_a9788190732185(v.2)
035 _aEN-82831
037 _bDBAD/PUB
082 _a530
100 _aHarikrishnan, S.
_910497
245 _aAncillary physics:
_cby S. Harikrishnan
_b(for UG level) /
260 _aAgasteeswaram
_bKamaraj Pathipagam
_c2008
270 _a14/135, Kamaraj Street
_e629701
300 _aV.1 75 p.
_c26 cm (Pbk)
500 _aIncludes bibliographical references
650 _aPhysics.
_910498
942 _2ddc
_cEN
_mHAR
_h530
999 _c40758
_d40758